000 00834cam a22002414a 4500
001 16215756
005 20180206042837.0
008 100504s2011 coua b 001 0 eng
010 _a 2010019003
020 _a9781594519123 (pbk. : alk. paper)
040 _aDLC
_cDLC
041 _aeng
043 _an-us---
080 _a320.473 JOH
082 0 0 _a320.473 JOH
_222
100 1 _a22
101 _aPOL
245 1 0 _aAmerica's politics :
_cJohn T. Rourke.
504 _aIncludes bibliographical references and index.
906 _a7
_bcbc
_corignew
_d1
_eecip
_f20
_gy-gencatlg
942 _2ddc
_cBK
999 _c41896
_d41896